000
00231nam a22001097a 4500
999
_c
158265
_d
158265
082
_a
_b
100
_a
Bhasheer M M
245
_a
Andhardara/
_c
by Bhasheer M M.
260
_a
Kottayam:
_b
N B S,
_c
1993.
650
_a
942
_c
BK